000 00907nam a2200265Ia 4500
003 OSt
005 20220901095756.0
008 210716s2004 xx 000 0 und d
020 _a9971511649
040 _cAIMIT LIBRARY
041 _aeng
082 _a574.192
_25
_bCONE
100 _aConn, Eric E.
_956261
245 _aOutlines of biochemistry /
_cBy Eric E Conn...[et.al]
250 _a5
260 _aSingapore :
_bJohn Wiley and Sons ,
_c1987.
300 _aix,693p. ;
_c23 cm.
650 _aStructures and functions of biological molecules
_956262
650 _aEnergy metabolism and biosynthesis of small molecules
_956263
650 _aGenes gene expression and the metabolism of informational macromolecules
_956264
700 _aStumpf, Paul K.
_956265
700 _aBruening, George.
_956266
700 _aDoi, Roy H.
_956267
942 _2ddc
_cBK
_i574.192 CONE
999 _c187170
_d187170